000 00584nam a22002177a 4500
003 UA-OsUOA
001 49085
007 ta
008 20070920b un ||||| |||| 00| 0 ukr d
090 _a82-6
_bЛ63
942 _cBK
040 _aUA-OsUOA
_bukr
_cUA-OsUOA
_dUA-OsUOA
245 _aЛисти Марка Вовчка
_bу двох томах
_cТ. 2
300 _a623 с.
955 _a3
041 _aukr
080 _a82-6
260 _aК.
_bНаукова думка
_c1984
650 7 _a82 Література. Літературознавство
_2UDC
999 _c335193
_d335193